00526nam a2200145 a 4500008004100000050001400041110002900055245006800084260004400152300001400196350000900210500011100219650002300330650002700353110526s1980 ||||||||||||||||| || u aCOMM (02) aCommonwealth Secretariat10aMultilateral trade negotiations: a compedium of seminar reports aLondon:bCommonwealth Secretariatc1980 aiii, 85p. a0.00 aHong Kong seminar 22-26 January, 1979; Bangkok seminar 1-8 May, 1978; Bangkok seminar 14-18 November, 1977 aMULTILATERAL TRADE aTRADE POLICY--ZIMBABWE